Representación por provincia en el Congreso de los Diputados - Estadísticas

Estadísticas generales
  • Esta prueba ha sido intentada 39 veces
  • La puntuación promedio es 47 de 52
Estadísticas de respuestas
Circunscripción Escaños % Correcto
Álava 4
100%
Albacete 4
100%
Ávila 3
97%
Cuenca 3
97%
Burgos 4
97%
Cáceres 4
97%
Cantabria 5
97%
Ciudad Real 5
97%
Córdoba 6
97%
Gerona 6
97%
Cádiz 9
97%
Ceuta 1
94%
Alicante 12
94%
Guadalajara 3
94%
Huesca 3
94%
Badajoz 5
94%
Castellón 5
94%
Huelva 5
94%
Jaén 5
94%
Almería 6
94%
Guipúzcoa 6
94%
Asturias 7
94%
Granada 7
94%
Melilla 1
91%
Málaga 11
91%
Barcelona 32
91%
La Rioja 4
91%
León 4
91%
Lérida 4
91%
Lugo 4
91%
Islas Baleares 8
91%
La Coruña 8
91%
Las Palmas 8
91%
Murcia 10
89%
Orense 4
89%
Salamanca 4
89%
Santa Cruz de Tenerife 7
89%
Soria 2
86%
Palencia 3
86%
Segovia 3
86%
Pontevedra 7
86%
Sevilla 12
83%
Teruel 3
83%
Navarra 5
83%
Toledo 6
83%
Zamora 3
80%
Madrid 37
80%
Tarragona 6
80%
Valladolid 5
77%
Vizcaya 8
77%
Zaragoza 7
74%
Valencia 16
71%
No se encontraron pruebas coincidentes
Distribución de puntuación
Porcentaje de gente con cada puntuación
Porcentaje por número respondido
Historial de tus puntuaciones
No has intentado esta prueba.